000 00420nam a2200169 a 4500
001 6110
003 CO-ViMGA
008 141112s2004 ck r 000 u spa d
040 _aCO-ViMGA
_bspa
_cCO-ViMGA
082 0 4 _a823.914 C517m
100 1 _aClarke, Artur C
_94743
245 1 0 _aEl martillo de dios
260 _aBuenos Aires :
_bEmece,
_c1995
300 _a284 p
650 1 4 _aNOVELA INGLESA
_94744
942 _2ddc
_cBK
999 _c18084
_d18084